| 000 | 00737nam a2200229Ia 4500 | ||
|---|---|---|---|
| 008 | 130821s1995 sp gr spa | ||
| 020 | _a8401426111 | ||
| 040 |
_aCo-BoUCM _bspa |
||
| 041 | 0 | 0 | _aspa |
| 100 | 1 |
_aMann, Thomas _d1875-1955 _957675 |
|
| 245 | 1 | 3 |
_aLa montaña mágica _cThomas Mann; Traducción de Mario Verdaguer. |
| 260 |
_aBarcelona (España) _bPlaza y Janes _c1995 |
||
| 300 | _a973 páginas | ||
| 490 |
_aAve Fénix _v196 |
||
| 585 | _aPremio Nobel de Literatura, 1929. | ||
| 650 | 0 | 4 |
_aLiteratura alemana _918601 |
| 650 | 0 | 4 |
_aLiteratura europea _926524 |
| 650 | 0 | 4 |
_aNovela alemana _920461 |
| 765 | _tDer Zaubergerg. | ||
| 942 |
_cLIBRO _a18 _e1 _mM281m _2DEWEY _h833.912 |
||
| 999 |
_c30826 _d30826 |
||